000 00753nam a2200181Ia 4500
008 100920s9999 xx 000 0 und d
082 _b89327
_a891.43 थ 60
100 _aसेठ गोविन्ददास.
245 _aअशोक ( चार अंको का ऎतिहासिक नाटक ).
260 _bभारती साहित्य मन्दिर , दिल्ली.
_c1960
300 _a135
_bसाधी
365 _b2.5
520 _aहिंदी.
630 _aअशोक ( चार अंको का ऎतिहासिक नाटक ).
650 _aहिंदी.
730 _aअशोक ( चार अंको का ऎतिहासिक नाटक ).
942 _cBOOK
999 _c729824
_d729821